000 01247nam a2200229Ia 4500
001 L241-27518
003 IT-CnALBA
008 170116s9999||||xx |||||||||||||| ||und||
040 _aIT-CnALBA
_cIT-CnALBA
041 _aITALIANO
100 _aTETTAMANZI DIONIGI, MONS.
245 0 _aALLE SORGENTI DELLA VITA. HUMANAE VITAE. ATTUALITÀ DI UNA ENCICLICA.
250 _a1a ed.
260 _aCASALE MONFERRATO (AL)
_bPIEMME EDIZIONI
_c1992 [1° Ed.:1992 - Ed.Ling.Originale: 1992]
300 _a173 p.
500 _aAMORE E VITA. CIVILTÀ DELL'AMORE. SIGNIFICATO DELLA DONAZIONE CONIUGALE. COSCIENZA MORALE E MAGISTERO DELLA CHIESA. PASTORALE. ASPETTI DELLA PASTORALE. HUMANAE VITAE E SPIRITUALITÀ CONIUGALE. INIZI DELLA VITA UMANA. QUESTIONE DEMOGRAFICA. VITA UMANA E MAG
501 _aSocietà San Paolo EM - Piazza San Paolo, 14 - 12051 ALBA (CN) (non commercial uses only) ® Copyright 2017
520 _aAMORE E VITA. CIVILTÀ DELL'AMORE. SIGNIFICATO DELLA DONAZIONE CONIUGALE. COSCIENZA MORALE E MAGISTERO DELLA CHIESA. PASTORALE. ASPETTI DELLA PASTORALE. HUMANAE VITAE E SPIRITUALITÀ CONIUGALE. INIZI DELLA VITA UMANA. QUESTIONE DEMOGRAFICA. VITA UMANA E MAG
650 _aMORALE CATTOLICA
942 _cBK
957 _71
999 _a32307
_bNO
_g Copie: 1
_c286569
_d286569